[Event "Barcelona Primavera La Lira op 7th"]
[Site "Barcelona"]
[Date "2014.06.05"]
[Round "7"]
[White "Bascunana Del Castillo, Carlos"]
[Black "Gonzalez Canovas, Sebastian"]
[Result "0-1"]
[WhiteElo "1593"]
[BlackElo "1635"]
[PlyCount "60"]
[EventDate "2014.04.03"]
[EventType "swiss"]
[EventRounds "9"]
[EventCountry "ESP"]
[SourceTitle "EXT 2015"]
[Source "ChessBase"]
[SourceDate "2014.11.20"]
[SourceVersion "1"]
[SourceVersionDate "2014.11.20"]
[SourceQuality "1"]

1. e4 c5 2. Nf3 Nc6 3. d4 cxd4 4. Nxd4 d6 5. Nc3 Nf6 6. Be3 g6 7. Be2 Bg7 8. 0-0 0-0 9. f4 a6 10. Qd2 Ng4 11. Bxg4 Bxg4 12. f5 gxf5 13. exf5 Nxd4 14. Bxd4 f6 15. Nd5 Rc8 16. Rae1 Re8 17. Rf4 Bh5 18. Rh4 Bf7 19. Rg4 Kh8 20. Nf4 Qd7 21. Ne6 Bxe6 22. fxe6 Qc6 23. Rxg7 Kxg7 24. Re3 Qxc2 25. Rg3+ Kh8 26. Qxc2 Rxc2 27. Rf3 Re2 28. Re3 Rxe3 29. Bxe3 Kg7 30. g4 Rc8 0-1

[Event "Foment Martinenc op-B 15th"]
[Site "Barcelona"]
[Date "2013.05.25"]
[Round "6"]
[White "Bascunana Del Castillo, Carlos"]
[Black "Povill Claros, Laura"]
[Result "1-0"]
[WhiteElo "1593"]
[BlackElo "1364"]
[PlyCount "73"]
[EventDate "2013.04.20"]
[EventType "swiss"]
[EventRounds "9"]
[EventCountry "ESP"]
[SourceTitle "CBM 154 Extra"]
[Source "ChessBase"]
[SourceDate "2013.06.25"]
[SourceVersion "2"]
[SourceVersionDate "2013.06.25"]
[SourceQuality "1"]

1. e4 c5 2. Nf3 Nc6 3. d4 cxd4 4. Nxd4 g6 5. Be3 Bg7 6. Nc3 Nf6 7. Bc4 Qa5 8. 0-0 0-0 9. h3 d6 10. Nf3 Bd7 11. Qd2 Rac8 12. Bb3 a6 13. Bh6 b5 14. Bxg7 Kxg7 15. a3 Qb6 16. Rfe1 Rfe8 17. Ng5 Ne5 18. Nd5 Qb7 19. Nxf6 Kxf6 20. Qf4+ Kg7 21. Nxf7 Rf8 22. Qh6+ Kf6 23. Ng5 e6 24. Nxh7+ Ke7 25. Qg5+ Ke8 26. Nxf8 Kxf8 27. Qf6+ Nf7 28. Re3 Re8 29. Rf3 Bc8 30. Rd1 Qc7 31. Rxd6 Qb7 32. Rf4 Qc7 33. Rh4 Kg8 34. Qxg6+ Kf8 35. Qf6 Kg8 36. Rg4+ Kh7 37. Qg7# 1-0

[Event "Foment Martinenc op-B 15th"]
[Site "Barcelona"]
[Date "2013.05.04"]
[Round "3"]
[White "Aunes Cabanero, Jose"]
[Black "Bascunana Del Castillo, Carlos"]
[Result "0-1"]
[WhiteElo "1565"]
[BlackElo "1593"]
[PlyCount "112"]
[EventDate "2013.04.20"]
[EventType "swiss"]
[EventRounds "9"]
[EventCountry "ESP"]
[SourceTitle "CBM 154 Extra"]
[Source "ChessBase"]
[SourceDate "2013.06.25"]
[SourceVersion "2"]
[SourceVersionDate "2013.06.25"]
[SourceQuality "1"]

1. d4 d5 2. c4 c6 3. Nc3 Nf6 4. Nf3 Bf5 5. e3 Nbd7 6. cxd5 Nxd5 7. Nxd5 cxd5 8. Qb3 Nb6 9. Bb5+ Bd7 10. Ne5 e6 11. Bd2 Bd6 12. Nxd7 Nxd7 13. Qa4 a6 14. Bxd7+ Qxd7 15. Qxd7+ Kxd7 16. 0-0 f5 17. g3 g5 18. Rfc1 Rac8 19. a3 g4 20. Kg2 h5 21. Bc3 h4 22. Rh1 hxg3 23. hxg3 Rxh1 24. Rxh1 Bxa3 25. Rh7+ Be7 26. Bb4 Re8 27. f3 Kd8 28. Bxe7+ Rxe7 29. Rh8+ Re8 30. Rh7 Re7 31. Rh8+ Kd7 32. fxg4 fxg4 33. Rg8 Kd6 34. Rxg4 Rc7 35. Rg8 Rc2+ 36. Kf3 Rxb2 37. Rd8+ Ke7 38. Rb8 a5 39. g4 a4 40. g5 a3 41. g6 a2 42. Ra8 Kf6 43. g7 Kxg7 44. Kf4 Kf6 45. Ra7 b5 46. Ra8 b4 47. Rf8+ Ke7 48. Ra8 b3 49. Ke5 Re2 50. Ra7+ Kd8 51. Kxe6 Rxe3+ 52. Kxd5 b2 53. Kd6 Ke8 54. Rxa2 b1Q 55. Ra8+ Kf7 56. Ra7+ Kf6 0-1